00654nam a2200181 a 4500003000200000005001700002008004100019050003500060100002100095245007400116260009200190300004600282504004300328650001600371650002900387650003000416650002600446020250307105857.0090707s19uu xx 00 eng d aPGS LB 3013.3.M68b.An581 2009 aAngeles, Nicole. aRelationship of class size and learning motivation /cNicole Angeles. aLas Piñas City, Philippines : bSouthville International School and Colleges,c2009. a24 pages : billustrations ; c28 cm.  aIncludes bibliographical references.  aClass size. aMotivation in education. aSixth grade (Education).  aAcademic achievement.